000 00385cam a22001337a 4500
008 180718b1973 xxu||||| |||| 00| 0 eng d
082 _aLx54 R137
100 _aRakshit, G.
245 _aRole of deficit financing in the context of Indian Planning
_cby G. Rakshit
260 _aCalcutta
_bWorld Press
_c1973
300 _a171p.
500 _aRs.15.00
650 _afinance, Public - India
999 _c352053
_d352053